| 000 | 01452cam a2200337 a 4500 | ||
|---|---|---|---|
| 001 | 4889287 | ||
| 003 | NUST-PNEC | ||
| 005 | 20170116180716.0 | ||
| 008 | 930910s1994 nyua d 000 0 eng | ||
| 010 | _a 93034772 | ||
| 020 | _a0070423334 : | ||
| 040 |
_aDLC _cPNEC _dDLC |
||
| 050 | 0 | 0 |
_aQ123 _b.M34 1994 |
| 082 | 0 | 0 | _a503 PAR |
| 100 |
_9687 _aParker Sybil P. |
||
| 245 | 0 | 0 |
_aMcGraw-Hill dictionary of scientific and technical terms / _cSybil P. Parker, editor in chief.. |
| 250 | _a5th ed. | ||
| 260 |
_aNew York : _bMcGraw-Hill, _cc1994. |
||
| 300 |
_axvii, 2194, 48 p. : _bill. ; _c29 cm. + |
||
| 500 | _ahttp://www.amazon.com/McGraw-Hill-Dictionary-Scientific-Technical-Terms/dp/0070423334/ref=sr_1_1?s=books&ie=UTF8&qid=1413628149&sr=1-1&keywords=0070423334 | ||
| 504 | _aIncludes bibliographical references (p. 29-48 (second group)). | ||
| 538 | _aSystem requirements for accompanying computer disk: IBM PC. | ||
| 650 | 0 |
_aScience _xDictionaries. |
|
| 650 | 0 |
_aTechnology _xDictionaries. |
|
| 700 | 1 | _aParker, Sybil P. | |
| 856 | 4 | 2 |
_3Publisher description _uhttp://www.loc.gov/catdir/description/mh022/93034772.html |
| 856 | 4 | 2 |
_3Contributor biographical information _uhttp://www.loc.gov/catdir/enhancements/fy0602/93034772-b.html |
| 906 |
_a7 _bcbc _corignew _d1 _eocip _f19 _gy-gencatlg |
||
| 942 |
_2ddc _cBK |
||
| 999 |
_c61152 _d61152 |
||